| 000 | 00389nam a2200133Ia 4500 | ||
|---|---|---|---|
| 008 | 210430s9999 xx 000 0 und d | ||
| 020 | _a81-203-2265-7 | ||
| 082 | _a660.2815 B481 P | ||
| 100 |
_aB.Wayne Bequette _954118 |
||
| 245 |
_aProcess Control Modeling, Design, and Simulation / _cB.Wayne Bequette |
||
| 260 |
_aNew Delhi _bPrentice-Hall _c2006 |
||
| 300 | _a769p | ||
| 942 |
_cBK _2ddc |
||
| 999 |
_c564585 _d564585 |
||